تاريخ مصر القديم : عصر الانتقال الثالث
محفوظ في:
المؤلف الرئيسي:
التنسيق: كتاب
اللغة: Undetermined
منشور في:
Al-Qāhirah
1996
الوسوم: إضافة وسم
لا توجد وسوم, كن أول من يضع وسما على هذه التسجيلة!
رقم الطلب: H20 GABA
| LEADER | 00423nam a2200133Ia 4500 | ||
|---|---|---|---|
| 008 | 240404s9999||||xx |||||||||||||| ||und|| | ||
| 020 | |a 9771921142 | ||
| 050 | 4 | |a H20 GABA | |
| 100 | 1 | |a جاب الله على جاب الله. | |
| 245 | 1 | 0 | |a تاريخ مصر القديم : عصر الانتقال الثالث |c جاب الله على جاب الله |
| 264 | 1 | |a Al-Qāhirah |c 1996 | |
| 300 | |a 79 |c 29 | ||
| 942 | |2 lcc |c BK | ||
| 999 | |c 58118 |d 58118 | ||
